Mit kranken Kindern Gottes Gegenwart feiern: Kommentare zum Familiengottesdienst in der Tübinger Kinderklinik aus Sicht der Gottesdienstberatung

Saved in:  
Bibliographic Details
Main Author: Volkmann, Evelina (Author)
Format: Print Article
Language:German
Check availability: HBZ Gateway
Interlibrary Loan:Interlibrary Loan for the Fachinformationsdienste (Specialized Information Services in Germany)
Published: 2023
In: Gottesdienst als Ort der Seelsorge
Year: 2023, Pages: 284-299

MARC

LEADER 00000caa a22000002c 4500
001 1887386432
003 DE-627
005 20240501002813.0
007 tu
008 240430s2023 xx ||||| 00| ||ger c
020 |a 9783170416604 
035 |a (DE-627)1887386432 
035 |a (DE-599)KXP1887386432 
040 |a DE-627  |b ger  |c DE-627  |e rda 
041 |a ger 
084 |a 1  |2 ssgn 
100 1 |e VerfasserIn  |0 (DE-588)1041836821  |0 (DE-627)767849779  |0 (DE-576)393514927  |4 aut  |a Volkmann, Evelina 
109 |a Volkmann, Evelina  |a Volkmann, Evelina Anima 
245 1 0 |a Mit kranken Kindern Gottes Gegenwart feiern  |b Kommentare zum Familiengottesdienst in der Tübinger Kinderklinik aus Sicht der Gottesdienstberatung 
264 1 |c 2023 
336 |a Text  |b txt  |2 rdacontent 
337 |a ohne Hilfsmittel zu benutzen  |b n  |2 rdamedia 
338 |a Band  |b nc  |2 rdacarrier 
601 |a Gegenwart 
601 |a Kommentar 
601 |a Familiengottesdienst 
773 0 8 |i Enthalten in  |t Gottesdienst als Ort der Seelsorge  |b 1. Auflage  |d Stuttgart : Verlag W. Kohlhammer, 2023  |g (2023), Seite 284-299  |h 354 Seiten  |w (DE-627)178003668X  |z 9783170416604  |7 nnam 
773 1 8 |g year:2023  |g pages:284-299 
935 |a mteo 
951 |a AR 
ELC |b 1 
ITA |a 1  |t 1 
LOK |0 000 xxxxxcx a22 zn 4500 
LOK |0 001 451919038X 
LOK |0 003 DE-627 
LOK |0 004 1887386432 
LOK |0 005 20240430032913 
LOK |0 008 240430||||||||||||||||ger||||||| 
LOK |0 035   |a (DE-Tue135)178003668X_2023_284 
LOK |0 040   |a DE-Tue135  |c DE-627  |d DE-Tue135 
LOK |0 092   |o n 
LOK |0 852   |a DE-Tue135 
LOK |0 852 1  |9 00 
LOK |0 935   |a imwa  |a ixau  |a ixrk 
LOK |0 939   |a 30-04-24  |b l01 
ORI |a SA-MARC-ixtheoa001.raw